Making BASIC work for you /

Bibliographic Details
Main Author: DeRossi, Claude J.
Format: Book
Language:English
Published: Reston, Va. : Reston Pub. Co., [1979]
Subjects:

MARC

Tag First Indicator Second Indicator Subfields
LEADER 00000cam a2200000 a 4500
001 in00000092792
005 20150923173248.0
008 810317s1979 vaua 00110 eng d
010 |a  78027516  
020 |a 0835939774 
020 |a 083594185X :  |c $5.95 
035 |a (OCoLC)07233067 
035 |9 AAK7797AM 
040 |a ICP  |c ICP  |d TXA  |d UtOrBLW 
049 |a TXAM  |c 1 [1329349] 
090 |a QA76.73 B3  |b  D473 
092 |a 001.6424  |b DeR 
100 1 |a DeRossi, Claude J. 
245 1 0 |a Making BASIC work for you /  |c Claude J. DeRossi. 
264 1 |a Reston, Va. :  |b Reston Pub. Co.,  |c [1979] 
264 4 |c ©1979 
300 |a ix, 179 pages :  |b illustrations ;  |c 23 cm. 
336 |a text  |b txt  |2 rdacontent 
337 |a unmediated  |b n  |2 rdamedia 
338 |a volume  |b nc  |2 rdacarrier 
500 |a Includes index. 
650 0 |a BASIC (Computer program language) 
999 |a MARS 
999 f f |s 123274b3-7d11-387e-a4b8-2c79df7c2b46  |i 4443956c-a085-3973-8475-f88f104cf328  |t 0 
952 f f |p ric  |a Texas A&M University  |b Rellis Campus  |c Joint Library Facility  |d Remote Storage  |t 0  |e QA76.73 B3 D473  |h Library of Congress classification  |i unmediated -- volume  |m A14806049643 
998 f f |a QA76.73 B3 D473  |t 0  |l Remote Storage